MARC details
| 000 -LEADER |
| fixed length control field |
01233cab a2200217 4500 |
| 001 - CONTROL NUMBER |
| control field |
ABS40027 |
| 008 - FIXED-LENGTH DATA ELEMENTS--GENERAL INFORMATION |
| fixed length control field |
090401t1988 xxu||||| |||| 00| 0 eng d |
| 035 ## - SYSTEM CONTROL NUMBER |
| System control number |
(Sirsi) u20794 |
| 041 ## - LANGUAGE CODE |
| Language code of text/sound track or separate title |
eng |
| 245 ## - TITLE STATEMENT |
| Title |
Offices |
| 260 ## - PUBLICATION, DISTRIBUTION, ETC. |
| Date of publication, distribution, etc. |
1988 |
| 350 ## - PRICE (NR) (BK AM CF MU VM SE) [OBSOLETE] |
| Price |
0 |
| 490 ## - SERIES STATEMENT |
| Series statement |
Chartered Surveyor Weekly |
| Volume/sequential designation |
Supplement 10 November 1988 (48) LOAN |
| 520 ## - SUMMARY, ETC. |
| Summary, etc. |
A supplement looking at various aspects of the office market . The chairman of the Office Agents Society gives his personal view on the future of the market. The effect of rising contractor`s tender prices and VAT on the market is discussed and the cost of the uniform business rate is estimated. Reports on the problems caused by the expiry of temporary office consents in 1990 and considers whether London is becoming a unified office market. Reviews Scottish and North ern office activity and looks at some methods of financing new office development . Evaluates the latest trends in institutional investment and the implications for the office market of the single market and the opening of the Channel Tunnel . |
| 650 ## - SUBJECT ADDED ENTRY--TOPICAL TERM |
| Topical term or geographic name entry element |
EUROPE |
| 650 ## - SUBJECT ADDED ENTRY--TOPICAL TERM |
| Topical term or geographic name entry element |
FINANCIAL INSTITUTIONS |
| 650 ## - SUBJECT ADDED ENTRY--TOPICAL TERM |
| Topical term or geographic name entry element |
SCOTLAND |
| 690 ## - LOCAL SUBJECT ADDED ENTRY--TOPICAL TERM (OCLC, RLIN) |
| Topical term or geographic name as entry element |
PROPERTY-COMMERCIAL PROPERTY |
| 942 ## - ADDED ENTRY ELEMENTS (KOHA) |
| Suppress in OPAC |
0 |
| 948 ## - LOCAL PROCESSING INFORMATION (OCLC); SERIES PART DESIGNATOR (RLIN) |
| c (OCLC) |
04/03/1997 |